Structral design in metals (Record no. 11702)

000 -LEADER
fixed length control field 00502nam a22001937a 4500
001 - CONTROL NUMBER
control field 11702
003 - CONTROL NUMBER IDENTIFIER
control field BD-DhUET
008 - FIXED-LENGTH DATA ELEMENTS--GENERAL INFORMATION
fixed length control field 150218b xxu||||| |||| 00| 0 eng d
040 ## - CATALOGING SOURCE
Original cataloging agency DLC
Transcribing agency DLC
Modifying agency BD-DhUET
082 ## - DEWEY DECIMAL CLASSIFICATION NUMBER
Classification number 624.182
Item number WIL/1957
100 ## - MAIN ENTRY--PERSONAL NAME
Personal name Willims, Clifford D.
245 ## - TITLE STATEMENT
Title Structral design in metals
250 ## - EDITION STATEMENT
Edition statement 2nd ed.
260 ## - PUBLICATION, DISTRIBUTION, ETC. (IMPRINT)
Place of publication, distribution, etc. New York
Name of publisher, distributor, etc. Ronald Press
Date of publication, distribution, etc. 1957
300 ## - PHYSICAL DESCRIPTION
Extent viii, 655 p.
Other physical details ill.
Dimensions 17 cm.
650 #0 - SUBJECT ADDED ENTRY--TOPICAL TERM
Topical term or geographic name as entry element Metals Structural Engg
700 ## - ADDED ENTRY--PERSONAL NAME
Personal name Harris, Ernest C.
942 ## - ADDED ENTRY ELEMENTS (KOHA)
Koha item type General Book
Holdings
Source of classification or shelving scheme Not for loan Location (home branch) Shelving location Koha date last seen Piece designation (barcode) Lost status Koha full call number Sublocation or collection (holding branch) Withdrawn status Koha item type Price effective from Date acquired Koha normalized classification for sorting Copy number Damaged status
  Central Library, BUETCirculation section2015-02-1861224 624.182/WIL/1957Central Library, BUET General Book2015-02-182015-02-18624_182000000000000_WIL_19571 
  Central Library, BUETCirculation section2015-02-1842428 624.182/WIL/1957Central Library, BUET General Book2015-02-182015-02-18624_182000000000000_WIL_19572 
  Central Library, BUETCirculation section2015-02-1811560 624.182/WIL/1957Central Library, BUET General Book2015-02-182015-02-18624_182000000000000_WIL_19573 
  Central Library, BUETCirculation section2015-02-1861147 624.182/WIL/1957Central Library, BUET General Book2015-02-182015-02-18624_182000000000000_WIL_19574 
  Central Library, BUETCirculation section2015-05-1042357 624.182/WIL/1957Central Library, BUET General Book2015-05-102015-05-10624_182000000000000_WIL_19575 
  Central Library, BUETCirculation section2015-05-1211559 624.182/WIL/1957Central Library, BUET General Book2015-05-122015-05-12624_182000000000000_WIL_19576